000 00231nam a2200097Ia 4500
001 655233
005 20250826154533.0
008 250824s9999 xx 000 0 und d
245 0 _aRuby Rogers Anlat Bana
_cSue Limb
260 _bALTIN
999 _c655233
_d655233